Responses for show #3318 - Wednesday, January 27, 1999

Contestants

[<< previous game]

Matt Sullivan, a teacher from Spokane, Washington

Lisa McAdam, a managing editor from Springfield, Oregon

Alex Huemer, an economics instructor from Claremont, California (whose 1-day cash winnings total $5,050)

[next game >>]

Jeopardy! Round responses

BIBLICAL FAMILIES
WHO PLAYED 'EM?
(Alex: On television)
DAYS OF THE WEEK
PRESIDENTIAL COUPLES...NOT!
(Alex: An example: "Your Love Is Lifting Me Higher" singer & "silent" president--correct response: Who are Rita and Calvin Coolidge?)
ALL THINGS BRITISH
GIVE ME A "C"
    $100 20
Samson

Lisa
    $100 4
Christina Applegate

Lisa
    $100 2
Thursday

Lisa
    $100 9
Nell & Jimmy Carter

Alex
    $100 1
Downing Street

Matt
    $100 15
Cabinet

Lisa
    $200 26
(M: Who is Seth?)

Cain

Matt
Triple Stumper
    $200 5
Lee Majors

Lisa
    $200 10
Monday

Matt
    $200 11
Tonya & Warren G. Harding

Matt
    $200 3
Big Ben

Matt
    $200 16
Calamari

Lisa
    $300 27
(Alex H.: Who are Isaac & ....(out of time) Abraham?)

Abraham & Isaac

AlexMatt
    $300 6
Burt Reynolds

Lisa
    $300 23
(less than a minute to go, Lisa....)

Pleasant Valley Sunday

Triple Stumper
    $300 12
(Alex H.: Who are Elizabeth Taylor & Teddy Roosevelt?)

Elizabeth & Zachary Taylor

AlexMatt
    $1,000 21
(L: What is Eton?)

Rugby

Lisa
    $300 17
Chassis

Lisa
    $400 28
(buzzer sounds)

Moses

Alex
    $400 7
Susan Dey

Lisa
    $400 24
Wednesday

Matt
    $400 13
Bea & Chester Arthur

Matt
    $400 22
(M: What is Normandy?)

Wales

Matt
Triple Stumper
    $400 18
Calculus

Lisa
    $500 25
(M: Who is Solomon?)

Absalom

Matt
Triple Stumper
    $500 8
Kate Jackson

Matt
    $500 14
Rita & Woodrow Wilson

Triple Stumper
    $500 19
Caduceus

Matt

Scores at the first commercial break (after clue 15):

Alex Lisa Matt
-$200 $1,200 $1,900

Scores at the end of the Jeopardy! Round:

Alex Lisa Matt
-$100 $1,200 $2,000

Double Jeopardy! Round responses

ANCIENT CIVILIZATIONS
TRAVEL & TOURISM
STATE BIRDS
LITERARY CROSSWORD CLUES "G"
SPORTS COMEBACKS
GIVE ME A SEA
    $200 1
(L:What is Syria?)

Iraq

AlexLisa
    $200 7
Tijuana

Lisa
    $200 26
(less than a minute...)

Robin

Lisa
    $200 14
Guinevere

Alex
    $200 6
Canada

Lisa
    $200 15
Caribbean Sea

Lisa
    $400 2
Persia

Alex
    $400 8
(Alex H.: What is Mecca?)

Jerusalem

AlexMatt
    $400 27
Woodpecker

Alex
    $400 18
Giant

Matt
    $400 9
Gymnastics

Lisa
    $400 22
North Sea

Matt
    $600 3
Cheops

Lisa
    $600 10
Zurich

Matt
    $1,000 28
(Alex H.: What is Carolina?)

Rhode Island

Alex
    $600 19
Golden

Matt
    $600 11
Arnold Palmer

Matt
    $600 23
Yellow Sea

Lisa
    $800 4
Minoans

Alex
    $800 16
Venice

Lisa
    $800 29
Scissored

Lisa
    $800 20
Glass

Matt
    $800 12
Greg LeMond

Matt
    $2,000 24
Bering Sea

Lisa
    $1000 5
Indus

Matt
    $1000 17
(Alex H.: What is Jersey?)

Isle of Wight

AlexMatt
    $1000 30
grouse

Lisa
    $1000 21
Gogol

Triple Stumper
    $1000 13
David Justice

Matt
    $1000 25
Tasman Sea

Lisa

Scores at the end of the Double Jeopardy! Round:

Alex Lisa Matt
-$500 $9,000 $9,600

[wagering suggestions for these scores]

Final Jeopardy! Round responses

VITAMINS & MINERALS
(Alex: And I believe more women than men are affected by this deficiency.)
LisaWhat is Calcium?
$5,000
MattWhat is Vitamin C?
$8,401
Iron (Iron-deficient anemia)

Final scores:

Alex Lisa Matt
-$500 $4,000 $1,199
3rd place: Pair of Festina Tour Watches New champion: $4,000 2nd place: Trip to Radisson Hotel Miyako, Osaka, Japan

Game dynamics:

Coryat scores:

Alex Lisa Matt
$500 $8,800 $9,600
7 R,
5 W
(including 1 DD)
22 R
(including 1 DD),
2 W
(including 1 DD)
21 R,
3 W

Combined Coryat: $18,900

The J! Archive is created by fans, for fans. The Jeopardy! game show and all elements thereof, including but not limited to copyright and trademark thereto, are the property of Jeopardy Productions, Inc. and are protected under law. This website is not affiliated with, sponsored by, or operated by Jeopardy Productions, Inc. Join the discussion at JBoard.tv.